| 000 | 01324nam2a22002771 4500 | ||
|---|---|---|---|
| 001 | RU\NLR\A1SV\29971 | ||
| 005 | 20251203152403.2 | ||
| 035 | _a(NLR Aleph) 009713871 | ||
| 090 |
_a13479271 _c13479271 |
||
| 100 | _a20110205d1925 u y0rusy50 ca | ||
| 101 | 0 | _arus | |
| 200 | 0 | _aВып.1 | |
| 215 | _a86, [1] с. | ||
| 300 | _aАвт. ст.: агр. И.В.Николаев, агр. К.К.Лопатто, агр. Крам, К.М., агр. В.Н.Поносов, агр. Ив.М.Жуйков | ||
| 461 | 1 |
_1001RU\NLR\A1SV\29970 _12000#$aСборник статей по сельскому хозяйству (для земледельцев Восточной Сибири)$f[Иркут. губземупр. Отд. сел. хоз.]$vВып.1 _99846442 _cИркутск _d1925 _f[Иркут. губземупр. Отд. сел. хоз.] _nНКЗ. Иркут. губ. зем. упр. _tСборник статей по сельскому хозяйству (для земледельцев Восточной Сибири) _vВып.1 |
|
| 702 | 1 |
_aНиколаев _bИ.В. |
|
| 702 | 1 |
_aЛопатто _bК.К. |
|
| 702 | 1 |
_aКрам _bК.М. |
|
| 702 | 1 |
_aПоносов _bВ.Н. |
|
| 702 | 1 |
_aЖуйков _bИ.М. |
|
| 801 | 0 |
_aRU _bNLR _c20110205 |
|
| 852 | _aNLR | ||
| 942 | _cBOOK | ||
| 980 | _aA1SV | ||
| 980 | _aNB | ||